Catálogo público

Cambios de peso por transporte-recepción, comportamiento productivo y conducta durante la fase de adaptación en ovinos de lana / (Record no. 168672)

MARC details
000 -CABECERA
campo de control de longitud fija 01036nam a2200301Ia 4500
001 - NÚMERO DE CONTROL
campo de control Z_5578
003 - IDENTIFICADOR DEL NÚMERO DE CONTROL
campo de control CHAP
008 - DATOS DE LONGITUD FIJA--INFORMACIÓN GENERAL
campo de control de longitud fija 220113s2007 xx 000 0 und d
010 ## - NÚMERO DE CONTROL DE LA BIBLIOTECA DEL CONGRESO
Número de control de LC 168672
040 ## - FUENTE DE LA CATALOGACIÓN
Centro/agencia transcriptor CHAP
090 ## - LOCALMENTE ASIGNADO TIPO-LC NÚMERO DE CLASIFICACIÓN (OCLC); NÚMERO DE CLASIFICACIÓN LOCAL (RLIN)
Número de clasificación (OCLC) (R) ; Numero de clasificación, CALL (RLIN) (NR) Tesis R 2036
100 ## - ENTRADA PRINCIPAL--NOMBRE DE PERSONA
Nombre de persona Ramírez Cortés, Ramón
9 (RLIN) 93942
245 ## - MENCIÓN DE TÍTULO
Título Cambios de peso por transporte-recepción, comportamiento productivo y conducta durante la fase de adaptación en ovinos de lana /
Mención de responsabilidad, etc. Ramón Ramírez Cortés, Juan Carlos Velasco Andrade y Miguel Mondragón Yañez
260 ## - PUBLICACIÓN, DISTRIBUCIÓN, ETC.
Lugar de publicación, distribución, etc. Chapingo, Méx. :
Nombre del editor, distribuidor, etc. Los autores,
Fecha de publicación, distribución, etc. 2007
300 ## - DESCRIPCIÓN FÍSICA
Extensión 120 h.
502 ## - NOTA DE TESIS
Nota de tesis Tesis (Ing. Agr. Esp. en Zootecnia) -- UACH. Departamento de Zootecnia
650 ## - PUNTO DE ACCESO ADICIONAL DE MATERIA--TÉRMINO DE MATERIA
Término de materia o nombre geográfico como elemento de entrada Ganado lanar
9 (RLIN) 45150
650 ## - PUNTO DE ACCESO ADICIONAL DE MATERIA--TÉRMINO DE MATERIA
Término de materia o nombre geográfico como elemento de entrada Ganado lanar
Subdivisión general Engorda
9 (RLIN) 45175
650 ## - PUNTO DE ACCESO ADICIONAL DE MATERIA--TÉRMINO DE MATERIA
Término de materia o nombre geográfico como elemento de entrada Ganado lanar
Subdivisión general Peso
9 (RLIN) 45211
650 ## - PUNTO DE ACCESO ADICIONAL DE MATERIA--TÉRMINO DE MATERIA
Término de materia o nombre geográfico como elemento de entrada Ganado
Subdivisión general Transporte
9 (RLIN) 44955
700 ## - PUNTO DE ACCESO ADICIONAL--NOMBRE DE PERSONA
Nombre de persona I. Velasco andrade, Juan Carlos II. Mondragón Yañez, Miguel
9 (RLIN) 142955
901 ## - ELEMENTOS DE DATOS A LOCAL LDA (RLIN)
a TESIS R 2036
902 ## - ELEMENTOS DE DATOS B LOCAL, LDB (RLIN)
a M
910 ## - DATOS DE OPCIÓN DEL USUARIO (OCLC)
Datos de opción del usuario 2007
942 ## - ELEMENTOS DE PUNTO DE ACCESO ADICIONAL (KOHA)
Tipo de ítem Koha Tesis_
942 ## - ELEMENTOS DE PUNTO DE ACCESO ADICIONAL (KOHA)
Tipo de ítem Koha Tesis_
Holdings
Estado de retiro Estado de pérdida Estado dañado No para préstamo Localización permanente Ubicación/localización actual Ubicación en estantería Fecha de adquisición Información codificada de la localización en otra ubicación Total de préstamos Código de barras Fecha visto por última vez Número de copia Precio válido a partir de Tipo de ítem Koha Nota pública
        Zootecnia Zootecnia   13/12/2007 2   z_T 3483 18/01/2022 1 18/01/2022 Tesis_ 2
        Zootecnia Zootecnia   13/12/2007 2   z_T 3484 18/01/2022 2 18/01/2022 Tesis_ 3